Egyptian Mythology : myths and legends of Egypt, Persia, Asia Minor, Sumer and Babylon /

محفوظ في:

المؤلف الرئيسي: Storm, Rachel (مؤلف)

التنسيق: كتاب

اللغة: English

منشور في: London : New York : Lorenz Books ; Anness Pub, 2000.

الموضوعات:

الوسوم: إضافة وسم

لا توجد وسوم, كن أول من يضع وسما على هذه التسجيلة!

رقم الطلب: BL2441.2 .S76 2000

LEADER 00927namaa2200253 4500
001 11860
003 OSt
005 20250302104517.0
008 130303s2000 enkab 001 0 eng d
020 |a 0754806014 
040 |c ARCE Library 
050 4 |a BL2441.2 .S76 2000 
100 1 |a Storm, Rachel,  |e author  |9 40578 
245 1 0 |a Egyptian Mythology :   |b myths and legends of Egypt, Persia, Asia Minor, Sumer and Babylon /   |c Rachel Storm. 
264 1 |a London :  |b Lorenz Books ;  |a New York :  |b Anness Pub,  |c 2000. 
300 |a 96 pages :  |b illustrations (chiefly color), color maps ;  |c 31 cm. 
500 |a Includes index. 
500 |a Previously published as part of a larger compendium, The encyclopedia of eastern mythology. 
650 0 |a Mythology, Assyro-Bablyonian Encyclopedias. 
650 0 |a Mythology, Egyptian. 
650 0 |a Mythology, Middle Eastern Encyclopedias. 
901 |a reviewed 
942 |c BK  |2 lcc 
999 |c 12152  |d 12152